Statistics for Honoré de Balzac Bibliography

Click here to take the quiz!

General Stats

  • This quiz has been taken 9 times
  • The average score is 4 of 86

Answer Stats

TypeYearName% Correct
Novel1846Cousin Bette
88%
Novel1837-1843Lost Illusions
75%
Novel1833Eugénie Grandet
63%
Novel1833Ferragus: Chief of the Devorants
38%
Novel1847Le Cousin Pons
38%
Novel1835Father Goirot
25%
Novel1829Les Chouans
25%
Short Story1831The Unknown Masterpiece
25%
Novel1834The Duchess of Langeais
13%
Novella1838A Daughter of Eve
0%
Short Story1830Adieu
0%
Short Story1834A Drama on the Seashore
0%
Novel1842Albert Savarus
0%
Novel1835A Marriage Contract
0%
Short Story1842An Episode During the Terror
0%
Novel1824Annette and the Criminal
0%
Novella1830A Second Home
0%
Novel1842A Start in Life
0%
Novel1829At the Sign of the Cat and Racket
0%
Novel1829-1842A Woman of Thirty
0%
Novel1839Béatrix
0%
Novel1837César Birotteau
0%
Novel1826Code of Honest People
0%
Novella1832Colonel Chabert
0%
Tragic Verse1820Cromwell
0%
Novella1830Domestic Bliss
0%
Short Story Collection1832-1837Droll Stories
0%
Short Story1829El Verdugo
0%
Short Story1836Facino Cane
0%
Novel1855Farmers
0%
Novel1824From the Birthright
0%
Short Story1837Gambara
0%
Novella1830Gobseck
0%
Novel1843Honorine
0%
Novel1822Jean-Louis
0%
Novel1824Jesuits' Impartial History
0%
Short Story1831La Grande Bretèche
0%
Novel1830La Vendetta
0%
Novella1832Le Curé de Tours
0%
Novel1841Letters of Two Brides
0%
Novel1832Louis Lambert
0%
Short Story1837Massimilla Doni
0%
Play1848Mercadet ou le Faiseur
0%
Novel1844Modeste Mignon
0%
Play1842Paméla Giraud
0%
Play1842Paméla Giraud
0%
Novel1841Paz
0%
Play1839Pierre Grassou
0%
Short Story1839Pierre Grassou
0%
Play1842Quinola Resources
0%
Novella1830Sarassine
0%
Play1839School of Households
0%
Novella1839Secrets of the Princess Cadignan
0%
Novel1834Séraphîta
0%
Short Story1830Study of a Woman
0%
Short Story1836The Atheist's Mass
0%
Novella1830The Ball at Sceaux
0%
Novel1822The Beautiful Jew
0%
Novel1842The Black Sheep
0%
Novel1838The Cabinet of Antiquities
0%
Novel1822The Centenarian: Or, the Two Beringhelds
0%
Short Story1831The Conscript
0%
Novel1833The Country Doctor
0%
Short Story1831The Devil's Comedy
0%
Novel1831The Exiles
0%
Novella1835The Girl with the Golden Eyes
0%
Short Story1832The Grenadière
0%
Novel1822The Heiress of Birague
0%
Novel1823The Last Fairy
0%
Novel1835The Lily of the Valley
0%
Short Story1832The Message
0%
Novel1836The Old Maid
0%
Short Story1832The Purse
0%
Novel1834The Quest of the Absolute
0%
Short Story1831The Red Inn
0%
Novel1848The Seamy Side of History
0%
Novel1831The Skin of Sorrow
0%
Novel1838-1847The Splendors and Miseries of Courtesans
0%
Play1848The Stepmother
0%
Short Story1837The Succubus
0%
Novel1822The Vicar of the Ardennes
0%
Novel1839The Village Priest
0%
Novel1841Ursule Mirouët
0%
Play1839Vautrin
0%
Novel1826Wann-Chlore
0%
Novella1840Z. Marcas
0%

Score Distribution

Percentile by Number Answered

Percent of People with Each Score

Your Score History

You have not taken this quiz